[Event "Wch U20 Girls 37th"]
[Site "New Delhi"]
[Date "2019.10.21"]
[Round "7"]
[White "Jain, Nityata"]
[Black "Obregon Garcia, Roxangel"]
[Result "1/2-1/2"]
[WhiteElo "2029"]
[BlackElo "2267"]
[PlyCount "157"]
[EventDate "2019.10.15"]
[EventType "swiss"]
[EventRounds "11"]
[EventCountry "IND"]
[SourceTitle "CBM 192 Extra"]
[Source "Chessbase"]
[SourceDate "2019.11.06"]
[SourceVersion "1"]
[SourceVersionDate "2019.11.06"]
[SourceQuality "1"]

1. e4 c5 2. Nf3 Nc6 3. Bb5 g6 4. Bxc6 dxc6 5. d3 Bg7 6. h3 Nf6 7. Nc3 Nd7 8. Be3 e5 9. Qd2 Qe7 10. Bh6 f6 11. Bxg7 Qxg7 12. Qe3 Qe7 13. 0-0 Nf8 14. Ne2 Ne6 15. c3 0-0 16. Rfd1 b6 17. d4 cxd4 18. cxd4 exd4 19. Nfxd4 Nxd4 20. Rxd4 c5 21. Rd2 Bb7 22. Nc3 Rae8 23. Rad1 Rd8 24. Qe2 a6 25. Qc4+ Kg7 26. Rxd8 Rxd8 27. Rxd8 Qxd8 28. Qe6 b5 29. Nd5 c4 30. h4 f5 31. h5 fxe4 32. Nf4 Bc8 33. Qe5+ Kf7 34. h6 Qe7 35. Qg7+ Ke8 36. Nxg6 Qxg7 37. hxg7 Be6 38. Nf4 Bg8 39. a3 a5 40. Kf1 b4 41. axb4 axb4 42. Ke2 Ke7 43. Ke3 Kf6 44. Nh5+ Kg5 45. Ng3 Kg6 46. Nxe4 Kxg7 47. Kd4 h5 48. Nd2 c3 49. bxc3 bxc3 50. Kxc3 Be6 51. Kd4 h4 52. Nf3 h3 53. g3 Kg6 54. Ke5 Bc8 55. Kf4 Kh5 56. Nh2 Bb7 57. g4+ Kh4 58. g5 Bc8 59. Nf3+ Kh5 60. Ke5 Bb7 61. Kf4 Bxf3 62. Kxf3 Kxg5 63. Kg3 h2 64. Kxh2 Kf4 65. Kg2 Kg4 66. f3+ Kf4 67. Kf2 Kf5 68. Kg3 Kg5 69. f4+ Kf5 70. Kf3 Kf6 71. Kg4 Kg6 72. f5+ Kf6 73. Kf4 Kf7 74. Kg5 Kg7 75. f6+ Kf7 76. Kf5 Kf8 77. Kg6 Kg8 78. f7+ Kf8 79. Kf6 1/2-1/2

[Event "Wch U20 Girls 37th"]
[Site "New Delhi"]
[Date "2019.10.17"]
[Round "3"]
[White "Jain, Nityata"]
[Black "Tsolakidou, Stavroula"]
[Result "0-1"]
[WhiteElo "2029"]
[BlackElo "2431"]
[PlyCount "115"]
[EventDate "2019.10.15"]
[EventType "swiss"]
[EventRounds "11"]
[EventCountry "IND"]
[SourceTitle "CBM 192 Extra"]
[Source "Chessbase"]
[SourceDate "2019.11.06"]
[SourceVersion "1"]
[SourceVersionDate "2019.11.06"]
[SourceQuality "1"]

1. e4 c5 2. Nf3 e6 3. b3 a6 4. Bb2 Nc6 5. c4 Qc7 6. g3 Nf6 7. e5 Ng4 8. Qe2 b5 9. Bh3 h5 10. Na3 Bb7 11. 0-0 Nd4 12. Nxd4 cxd4 13. Bg2 Bxg2 14. Kxg2 Bxa3 15. Bxa3 Nxe5 16. Rfe1 Nc6 17. Qe4 b4 18. Bxb4 d5 19. Qxd5 Rd8 20. Qc5 Qb7 21. Ba3 Ne5+ 22. Kf1 Nd3 23. Qg5 Nxe1 24. Rxe1 Qh1+ 25. Ke2 d3+ 26. Kd1 Qf3+ 27. Kc1 Qf6 28. Qxf6 gxf6 29. h4 Rg8 30. Bb2 Ke7 31. Ba3+ Kd7 32. Re3 Ke8 33. Kb2 f5 34. f4 Rd7 35. Bc5 Kd8 36. Kc3 Kc7 37. b4 Kb7 38. a4 Rc8 39. a5 Kc6 40. Re5 Re8 41. Bd4 Rg8 42. Bf2 Re8 43. Bd4 Rg8 44. Bf2 Re8 45. b5+ Kb7 46. Rc5 Rd6 47. Kb4 f6 48. bxa6+ Rxa6 49. Bd4 Rg8 50. Bxf6 Rxg3 51. Rb5+ Ka8 52. Be5 Rg8 53. Rb6 Rxb6+ 54. axb6 Kb7 55. Kc5 Rg2 56. Kb5 Rxd2 57. c5 Rc2 58. Kb4 0-1

[Event "Wch U20 Girls 37th"]
[Site "New Delhi"]
[Date "2019.10.15"]
[Round "1"]
[White "Jain, Nityata"]
[Black "Potapova, Margarita"]
[Result "0-1"]
[WhiteElo "2029"]
[BlackElo "2377"]
[PlyCount "82"]
[EventDate "2019.10.15"]
[EventType "swiss"]
[EventRounds "11"]
[EventCountry "IND"]
[SourceTitle "CBM 192 Extra"]
[Source "Chessbase"]
[SourceDate "2019.11.06"]
[SourceVersion "1"]
[SourceVersionDate "2019.11.06"]
[SourceQuality "1"]

1. e4 c5 2. Nf3 d6 3. Bb5+ Nd7 4. 0-0 a6 5. Bd3 Ngf6 6. Re1 g6 7. c3 Bh6 8. Bc2 Ne5 9. Nxe5 dxe5 10. d3 Bg4 11. f3 Bxc1 12. Qxc1 Be6 13. Nd2 0-0 14. Nb3 Qc7 15. Qe3 Rac8 16. Rac1 Rfd8 17. d4 Bxb3 18. Bxb3 c4 19. dxe5 Qxe5 20. Bc2 Qb5 21. b4 cxb3 22. Bxb3 Rd3 23. Qf2 Rcxc3 24. Rxc3 Rxc3 25. e5 Nd5 26. e6 Rd3 27. Qa7 Kg7 28. Rc1 Rd2 29. Kh1 Nf4 30. Qe3 Qe2 31. Qxe2 Rxe2 32. g3 Nxe6 33. Bc4 Re3 34. Bd5 b5 35. Rc6 Nd4 36. Rxa6 Nxf3 37. Bc6 Nd4 38. Bd7 Re2 39. Bg4 Rd2 40. Ra3 e5 41. Bh3 Kh6 0-1

[Event "IND-ch (Women) 46th"]
[Site "Managiri"]
[Date "2019.07.26"]
[Round "10"]
[White "Mohota, Nisha"]
[Black "Jain, Nityata"]
[Result "1-0"]
[WhiteElo "2221"]
[BlackElo "2135"]
[PlyCount "65"]
[EventDate "2019.07.19"]
[EventType "swiss"]
[EventRounds "11"]
[EventCountry "IND"]
[SourceTitle "EXT 2020"]
[Source "ChessBase"]
[SourceDate "2019.10.17"]
[SourceVersion "1"]
[SourceVersionDate "2019.10.17"]
[SourceQuality "1"]

1. d4 Nf6 2. c4 g6 3. Nc3 d5 4. cxd5 Nxd5 5. e4 Nxc3 6. bxc3 Bg7 7. Bc4 0-0 8. Ne2 Nc6 9. 0-0 b6 10. f4 Bb7 11. f5 Na5 12. Bd3 c5 13. Be3 Rc8 14. d5 Qd7 15. Rb1 c4 16. Bc2 gxf5 17. Rxf5 e6 18. Rh5 exd5 19. exd5 Rfe8 20. Bxh7+ Kf8 21. Bf4 Rcd8 22. Nd4 f6 23. d6 Be4 24. Rc1 Nc6 25. Bf5 Bxf5 26. Nxf5 Ne5 27. Rb1 Nd3 28. Qg4 Re4 29. Rh8+ Bxh8 30. Bh6+ Kf7 31. Qxe4 Qe6 32. Qg4 Ke8 33. Ng7+ 1-0

[Event "IND-ch (Women) 46th"]
[Site "Managiri"]
[Date "2019.07.23"]
[Round "7"]
[White "Saranya, Y."]
[Black "Jain, Nityata"]
[Result "0-1"]
[WhiteElo "1959"]
[BlackElo "2135"]
[PlyCount "52"]
[EventDate "2019.07.19"]
[EventType "swiss"]
[EventRounds "11"]
[EventCountry "IND"]
[SourceTitle "EXT 2020"]
[Source "ChessBase"]
[SourceDate "2019.10.17"]
[SourceVersion "1"]
[SourceVersionDate "2019.10.17"]
[SourceQuality "1"]

1. Nf3 Nf6 2. g3 g6 3. Bg2 Bg7 4. 0-0 0-0 5. d3 d5 6. Nbd2 Re8 7. e4 e5 8. exd5 Nxd5 9. a4 Nc6 10. Nc4 Nb6 11. Ne3 a5 12. Nd2 Be6 13. Ndc4 Nxc4 14. Nxc4 Bd5 15. f3 Nd4 16. Be3 Bc6 17. Qd2 b6 18. Bxd4 Qxd4+ 19. Qf2 Qd7 20. f4 e4 21. dxe4 Bd4 22. Ne3 Bxe4 23. Rfd1 Bxg2 24. c3 Bxe3 25. Rxd7 Bxf2+ 26. Kxf2 Be4 0-1

[Event "IND-ch (Women) 46th"]
[Site "Managiri"]
[Date "2019.07.21"]
[Round "4"]
[White "Soumya, Swaminathan"]
[Black "Jain, Nityata"]
[Result "1-0"]
[WhiteElo "2402"]
[BlackElo "2135"]
[PlyCount "55"]
[EventDate "2019.07.19"]
[EventType "swiss"]
[EventRounds "11"]
[EventCountry "IND"]
[SourceTitle "EXT 2020"]
[Source "ChessBase"]
[SourceDate "2019.10.17"]
[SourceVersion "1"]
[SourceVersionDate "2019.10.17"]
[SourceQuality "1"]

1. c4 Nf6 2. Nf3 g6 3. Nc3 d5 4. cxd5 Nxd5 5. Qb3 Nb6 6. d4 Bg7 7. Bf4 Be6 8. Qa3 Nc6 9. e3 0-0 10. Be2 Bc4 11. 0-0 Re8 12. Bxc4 Nxc4 13. Qc5 Nd6 14. Rfd1 Qc8 15. h3 Qf5 16. d5 Ne5 17. Nxe5 Bxe5 18. Bxe5 Qxe5 19. Qxc7 Rac8 20. Qa5 Nc4 21. Qb4 e6 22. dxe6 Qxe6 23. Qxb7 Rb8 24. Qxa7 Rxb2 25. Qd4 Qf5 26. e4 Qc8 27. Nd5 Re6 28. Rac1 1-0

[Event "IND-ch U15 Girls"]
[Site "Tiruchengode"]
[Date "2019.07.11"]
[Round "4"]
[White "Bhagyashree, Patil"]
[Black "Jain, Nityata"]
[Result "1/2-1/2"]
[WhiteElo "1703"]
[BlackElo "2135"]
[PlyCount "87"]
[EventDate "2019.07.09"]
[EventType "swiss"]
[EventRounds "11"]
[EventCountry "IND"]
[SourceTitle "EXT 2020"]
[Source "ChessBase"]
[SourceDate "2019.10.17"]
[SourceVersion "1"]
[SourceVersionDate "2019.10.17"]
[SourceQuality "1"]

1. e4 c6 2. d4 d5 3. exd5 cxd5 4. Bd3 Nc6 5. Nf3 Bg4 6. c3 Nf6 7. Bf4 e6 8. h3 Bh5 9. Nbd2 Bd6 10. Bxd6 Qxd6 11. 0-0 0-0 12. Qb3 Bg6 13. Bxg6 hxg6 14. a4 Rab8 15. Rfc1 Rfc8 16. Ne1 Na5 17. Qa2 Nc4 18. Ndf3 Ne4 19. Rc2 Rc7 20. Nd3 Rbc8 21. Re2 a5 22. Nfe5 Nxe5 23. Nxe5 Nf6 24. Qb3 Nd7 25. Qb5 b6 26. Rae1 Nxe5 27. Rxe5 Rc4 28. R5e2 Qc6 29. Qxc6 R8xc6 30. Ra1 Rc7 31. Kf1 Rb7 32. Ke1 b5 33. axb5 Rxb5 34. Kd1 Kf8 35. Kc2 Ke7 36. Ree1 Rc6 37. Ra2 Rcb6 38. h4 Kd6 39. g3 Rb8 40. f4 Ke7 41. Re3 Kf6 42. Re5 Rh8 43. Ra3 Rhb8 44. Ra2 1/2-1/2

[Event "IND-ch U15 Girls"]
[Site "Tiruchengode"]
[Date "2019.07.10"]
[Round "3"]
[White "Jain, Nityata"]
[Black "Tanvi, Vasudev Hadkonkar"]
[Result "1-0"]
[WhiteElo "2135"]
[BlackElo "1502"]
[PlyCount "95"]
[EventDate "2019.07.09"]
[EventType "swiss"]
[EventRounds "11"]
[EventCountry "IND"]
[SourceTitle "EXT 2020"]
[Source "ChessBase"]
[SourceDate "2019.10.17"]
[SourceVersion "1"]
[SourceVersionDate "2019.10.17"]
[SourceQuality "1"]

1. e4 c5 2. Nf3 d6 3. Bb5+ Nd7 4. 0-0 a6 5. Bd3 g6 6. c3 Bg7 7. Bc2 e5 8. d4 Ne7 9. Be3 0-0 10. dxc5 dxc5 11. Qd6 Nc6 12. Bxc5 Nxc5 13. Qxc5 f5 14. Bb3+ Kh8 15. Nbd2 g5 16. Nc4 Qf6 17. Nb6 Rb8 18. Nd5 Qh6 19. Nd2 fxe4 20. Nxe4 Rf4 21. Nxf4 gxf4 22. Qd6 Bf5 23. Qxh6 Bxh6 24. Nd6 Bd3 25. Rfe1 Kg7 26. Nf7 e4 27. Nxh6 Kxh6 28. Bd5 Re8 29. Bxc6 bxc6 30. Rad1 Rb8 31. b3 Kg5 32. f3 Kf5 33. fxe4+ Bxe4 34. Rd4 Re8 35. b4 Re6 36. c4 Re5 37. a4 Bc2 38. Rxe5+ Kxe5 39. Rd2 Bb3 40. b5 Bxc4 41. b6 Bd5 42. b7 c5 43. b8Q+ Ke4 44. Qe8+ Kf5 45. Rxd5+ Kf6 46. Qe5+ Kf7 47. Rd7+ Kf8 48. Qh8# 1-0

[Event "Commonwealth-ch U16 Girls"]
[Site "New Delhi"]
[Date "2019.07.03"]
[Round "3.1"]
[White "Routray, Priyanka"]
[Black "Jain, Nityata"]
[Result "0-1"]
[WhiteElo "1647"]
[BlackElo "2135"]
[PlyCount "106"]
[EventDate "2019.07.01"]
[EventType "swiss"]
[EventRounds "7"]
[EventCountry "IND"]
[SourceTitle "EXT 2024"]
[Source "ChessBase"]
[SourceDate "2023.10.10"]
[SourceVersion "1"]
[SourceVersionDate "2023.10.10"]
[SourceQuality "1"]

1. e4 e5 2. Bc4 Nf6 3. d3 c6 4. Nf3 Be7 5. 0-0 d6 6. Nc3 Bg4 7. Qe2 0-0 8. h3 Bh5 9. Bb3 Re8 10. Qe3 Bf8 11. Ne2 Nbd7 12. Ng3 Bg6 13. a3 Nc5 14. Ba2 Qc7 15. Nh4 d5 16. Nxg6 hxg6 17. Qf3 Ne6 18. c3 Rad8 19. exd5 Nxd5 20. Re1 Rd7 21. Bd2 Red8 22. Rad1 Ndf4 23. Bxf4 Nxf4 24. d4 exd4 25. Re4 g5 26. Rexd4 Rxd4 27. Rxd4 Rxd4 28. cxd4 Qd7 29. Qe4 Be7 30. Nf5 Bf6 31. Kh2 Ne6 32. Qg4 g6 33. Ng3 Kg7 34. Bxe6 Qxe6 35. Qxe6 fxe6 36. Ne2 e5 37. Kg3 exd4 38. Nc1 c5 39. b3 b5 40. Kf3 c4 41. bxc4 bxc4 42. Ke4 d3 43. Ke3 Bb2 44. Na2 Bxa3 45. Kd2 Kf6 46. g3 Ke5 47. f4+ gxf4 48. gxf4+ Kxf4 49. Kc3 Ke3 50. Kxc4 Bb2 51. Kb3 d2 52. Kxb2 d1Q 53. Nc3 Qh1 0-1

[Event "Balaton IM 37th"]
[Site "Balatonlelle"]
[Date "2019.06.19"]
[Round "9"]
[White "Jain, Nityata"]
[Black "Nowak, Lukasz1111"]
[Result "1/2-1/2"]
[WhiteElo "2219"]
[BlackElo "2267"]
[PlyCount "132"]
[EventDate "2019.05.11"]
[EventType "tourn"]
[EventRounds "9"]
[EventCountry "HUN"]
[EventCategory "1"]
[SourceTitle "EXT 2020"]
[Source "ChessBase"]
[SourceDate "2019.10.17"]
[SourceVersion "1"]
[SourceVersionDate "2019.10.17"]
[SourceQuality "1"]

1. e4 c5 2. Nf3 d6 3. Bb5+ Nc6 4. 0-0 Bd7 5. Re1 Nf6 6. c3 a6 7. Bf1 Bg4 8. h3 Bxf3 9. Qxf3 e6 10. d3 Be7 11. Be3 0-0 12. Nd2 d5 13. Bf4 b5 14. e5 Nd7 15. Qg4 Re8 16. Nf3 Nf8 17. d4 c4 18. Be2 b4 19. Bd1 bxc3 20. bxc3 Qa5 21. Bd2 Ba3 22. Ng5 Bb2 23. Rb1 Bxc3 24. Bxc3 Qxc3 25. Ba4 Rec8 26. Bxc6 Rxc6 27. Re3 Qc2 28. Rb7 Qf5 29. Qg3 Qg6 30. Nxf7 Qxg3 31. Rxg3 Ng6 32. Rc3 Rcc8 33. Ng5 Nf4 34. Rc2 h6 35. Nf3 Rcb8 36. Rxb8+ Rxb8 37. Kh2 Nd3 38. Ng1 Nb4 39. Rb2 Nc6 40. Rxb8+ Nxb8 41. Ne2 Nc6 42. a3 Kf7 43. Kg3 g5 44. Kf3 Ne7 45. g4 Ng6 46. Ke3 Ke7 47. Kf3 Kd7 48. Ke3 Ke7 49. Kf3 Ke8 50. Nc3 Nf4 51. h4 Nd3 52. hxg5 hxg5 53. Ke2 Kd7 54. f3 Kc6 55. Kd2 Kb6 56. Ke2 Ka5 57. Kd2 Kb6 58. Ke2 Kc7 59. Kd2 Kc6 60. Ke2 Kc7 61. Kd2 Kc6 62. Kd1 Nf2+ 63. Ke2 Nd3 64. Kd1 Nf2+ 65. Ke2 Nd3 66. Kd1 Nf2+ 1/2-1/2

[Event "Balaton IM 37th"]
[Site "Balatonlelle"]
[Date "2019.06.13"]
[Round "3"]
[White "Jain, Nityata"]
[Black "Naumkin, Igor"]
[Result "0-1"]
[WhiteElo "2219"]
[BlackElo "2394"]
[PlyCount "76"]
[EventDate "2019.05.11"]
[EventType "tourn"]
[EventRounds "9"]
[EventCountry "HUN"]
[EventCategory "1"]
[SourceTitle "EXT 2020"]
[Source "ChessBase"]
[SourceDate "2019.10.17"]
[SourceVersion "1"]
[SourceVersionDate "2019.10.17"]
[SourceQuality "1"]

1. e4 e5 2. Nf3 Nc6 3. Nc3 Nf6 4. d4 Bb4 5. Nxe5 0-0 6. Qd3 Qe7 7. Bf4 d6 8. Nxc6 bxc6 9. 0-0-0 Bxc3 10. Qxc3 Qxe4 11. Bg5 Be6 12. Bd3 Qg4 13. f4 Nd5 14. Qd2 f6 15. Be2 Qxg2 16. Rdg1 Qe4 17. Bh6 Rf7 18. f5 Bxf5 19. h4 Kh8 20. Bh5 Bg6 21. Bxg6 hxg6 22. Re1 Qf5 23. Rhf1 Qd7 24. Bf4 Re8 25. Rxe8+ Qxe8 26. Re1 Re7 27. Rxe7 Qxe7 28. c4 Nxf4 29. Qxf4 Qe2 30. d5 c5 31. a3 Qd3 32. Qg4 Kh7 33. h5 g5 34. a4 a5 35. b3 Qc3+ 36. Kd1 Qxb3+ 37. Kd2 Qb2+ 38. Kd1 Qe5 0-1

[Event "Budapest FS06 IM"]
[Site "Budapest"]
[Date "2019.06.05"]
[Round "5"]
[White "To, Nhat Minh"]
[Black "Jain, Nityata"]
[Result "1-0"]
[WhiteElo "2368"]
[BlackElo "2219"]
[PlyCount "47"]
[EventDate "2019.06.01"]
[EventType "tourn"]
[EventRounds "9"]
[EventCountry "HUN"]
[SourceTitle "CBM 190 Extra"]
[Source "ChessBase"]
[SourceDate "2019.07.15"]
[SourceVersion "1"]
[SourceVersionDate "2019.07.15"]
[SourceQuality "1"]

1. e4 e5 2. Nf3 Nf6 3. d4 Nxe4 4. Bd3 d5 5. Nxe5 Nd7 6. Nxd7 Bxd7 7. 0-0 Qh4 8. c4 0-0-0 9. c5 g6 10. Nc3 Bg7 11. Bxe4 dxe4 12. Be3 Bc6 13. b4 Bd5 14. Qa4 Kb8 15. b5 f5 16. b6 cxb6 17. g3 Qe7 18. Bf4+ Ka8 19. Nb5 a6 20. Nc7+ Ka7 21. Rab1 bxc5 22. Qa5 Qf6 23. dxc5 g5 24. Rb6 1-0

[Event "Budapest FS05 Nadassy"]
[Site "Budapest"]
[Date "2019.05.12"]
[Round "8.1"]
[White "Jain, Nityata"]
[Black "Szalanczy, Emil"]
[Result "1-0"]
[WhiteElo "1925"]
[BlackElo "2196"]
[PlyCount "105"]
[EventDate "2019.05.04"]
[EventType "schev"]
[EventRounds "10"]
[EventCountry "HUN"]
[SourceTitle "CBM 190 Extra"]
[Source "ChessBase"]
[SourceDate "2019.07.15"]
[SourceVersion "1"]
[SourceVersionDate "2019.07.15"]
[SourceQuality "1"]
[WhiteTeam "B Team Lower Elo"]
[BlackTeam "A Team Higher Elo"]
[WhiteTeamCountry "HUN"]
[BlackTeamCountry "HUN"]

1. e4 c5 2. Nf3 d6 3. Bb5+ Nd7 4. 0-0 a6 5. Bd3 e6 6. c3 g5 7. Bc2 g4 8. Ne1 Ngf6 9. d4 Rg8 10. Qe2 Qc7 11. f4 gxf3 12. Nxf3 h5 13. e5 dxe5 14. dxe5 Ng4 15. Bf4 b5 16. Bh7 Rg7 17. Be4 Bb7 18. h3 0-0-0 19. hxg4 hxg4 20. Nfd2 c4 21. a4 Bc5+ 22. Be3 Nxe5 23. Bxb7+ Kxb7 24. axb5 Rd3 25. bxa6+ Ka7 26. Bxc5+ Qxc5+ 27. Qf2 Re3 28. Ra5 Qxa5 29. Qxe3+ Kxa6 30. Na3 Qd5 31. Qd4 Qxd4+ 32. cxd4 Nc6 33. Rf4 f5 34. Naxc4 Rd7 35. Nb3 Kb5 36. Ne5 Ra7 37. Nxc6 Kxc6 38. Kh2 Kd5 39. Rf2 Rb7 40. Nc5 Rh7+ 41. Kg3 e5 42. Rxf5 Kxd4 43. b4 Rh1 44. Rf8 Re1 45. Rd8+ Kc4 46. Re8 Re2 47. Nd7 e4 48. Nf6 e3 49. Nxg4 Kxb4 50. Rxe3 Ra2 51. Rd3 Kc5 52. Ne3 Kc6 53. Kh4 1-0

[Event "Budapest FS05 Nadassy"]
[Site "Budapest"]
[Date "2019.05.10"]
[Round "6.3"]
[White "Jain, Nityata"]
[Black "Torok, Tamas Titusz"]
[Result "1-0"]
[WhiteElo "1925"]
[BlackElo "2044"]
[PlyCount "99"]
[EventDate "2019.05.04"]
[EventType "schev"]
[EventRounds "10"]
[EventCountry "HUN"]
[SourceTitle "CBM 190 Extra"]
[Source "ChessBase"]
[SourceDate "2019.07.15"]
[SourceVersion "1"]
[SourceVersionDate "2019.07.15"]
[SourceQuality "1"]
[WhiteTeam "B Team Lower Elo"]
[BlackTeam "A Team Higher Elo"]
[WhiteTeamCountry "HUN"]
[BlackTeamCountry "HUN"]

1. e4 b6 2. d4 Bb7 3. Bd3 e6 4. Nf3 c5 5. c3 Nf6 6. Qe2 d5 7. e5 Nfd7 8. Bg5 Be7 9. Bxe7 Qxe7 10. 0-0 Nc6 11. a3 0-0 12. Nbd2 h6 13. Rfe1 a6 14. b4 c4 15. Bc2 Rae8 16. Nf1 f5 17. exf6 Qxf6 18. Ne3 h5 19. h4 Ne7 20. Ng5 g6 21. f4 Nc8 22. g3 Nd6 23. a4 b5 24. a5 Re7 25. Rad1 Rfe8 26. Qf2 Nf5 27. Nf1 Nf8 28. Nh2 Nd7 29. Rd2 Nf8 30. Rde2 Nh6 31. Qg2 Bc8 32. Nhf3 Bb7 33. Ne5 Ba8 34. Rf1 Bb7 35. Rff2 Rg7 36. Kf1 Ree7 37. Ke1 Re8 38. Kd1 Nd7 39. Nxd7 Rxd7 40. Rf1 Rde7 41. Rfe1 Bc8 42. Kc1 Bb7 43. Kb2 Ba8 44. Bd1 Bb7 45. Re5 Kg7 46. Bf3 Ba8 47. Qe2 Nf5 48. Nxe6+ Rxe6 49. Rxe6 Nxd4 50. Rxf6 1-0

[Event "Budapest FS05 Nadassy"]
[Site "Budapest"]
[Date "2019.05.07"]
[Round "4.5"]
[White "Jain, Nityata"]
[Black "Koczo, Kristof"]
[Result "1-0"]
[WhiteElo "1925"]
[BlackElo "2097"]
[PlyCount "151"]
[EventDate "2019.05.04"]
[EventType "schev"]
[EventRounds "10"]
[EventCountry "HUN"]
[SourceTitle "CBM 190 Extra"]
[Source "ChessBase"]
[SourceDate "2019.07.15"]
[SourceVersion "1"]
[SourceVersionDate "2019.07.15"]
[SourceQuality "1"]
[WhiteTeam "B Team Lower Elo"]
[BlackTeam "A Team Higher Elo"]
[WhiteTeamCountry "HUN"]
[BlackTeamCountry "HUN"]

1. e4 c6 2. d4 d5 3. Nc3 dxe4 4. Nxe4 Nd7 5. Nf3 Ngf6 6. Ng3 e6 7. Bd3 c5 8. 0-0 cxd4 9. Nxd4 Bc5 10. Nb3 Be7 11. Re1 0-0 12. Qf3 Bd6 13. Bf4 Bxf4 14. Qxf4 b6 15. Rad1 Bb7 16. Bb5 Qb8 17. Qxb8 Nxb8 18. Rd6 a6 19. Rxb6 axb5 20. Rxb7 Rxa2 21. Rb1 Rc8 22. c3 Nbd7 23. Rxb5 g6 24. Ra5 Rxa5 25. Nxa5 Nc5 26. b4 Nd3 27. c4 Nd7 28. Ne4 Ra8 29. Nc6 Nb6 30. c5 Nd7 31. Kf1 f5 32. Nc3 Ra3 33. Nb5 Ra2 34. Rd1 N3xc5 35. bxc5 Nxc5 36. f3 Kf7 37. Ne5+ Ke7 38. Nd4 Kf6 39. Ndc6 Rc2 40. Rd8 Kg5 41. Rd1 Kf4 42. Re1 Kg5 43. Re2 Rc1+ 44. Kf2 Kf6 45. Ra2 Kg5 46. Nb4 Rc3 47. Ke2 Rb3 48. Nbd3 Nxd3 49. Nxd3 Rb5 50. f4+ Kg4 51. Ke3 Rb6 52. Ne5+ Kh5 53. Rc2 h6 54. Nc4 Rb5 55. Re2 Rc5 56. Kd4 Rc6 57. Re3 Rc8 58. Rxe6 g5 59. fxg5 hxg5 60. Re2 f4 61. Nd6 Rc1 62. Ke4 Kg4 63. h3+ Kg3 64. Nf5+ Kh2 65. Nd4 Kg3 66. Nf5+ Kh2 67. Kf3 Kg1 68. Kg4 Kf1 69. Rb2 Rc3 70. Kxg5 f3 71. gxf3 Rxf3 72. h4 Rh3 73. h5 Kg1 74. h6 Rg3+ 75. Kf6 Rh3 76. Rb4 1-0

[Event "Budapest FS05 Nadassy"]
[Site "Budapest"]
[Date "2019.05.05"]
[Round "2.1"]
[White "Jain, Nityata"]
[Black "Mayer, Istvan"]
[Result "1/2-1/2"]
[WhiteElo "1925"]
[BlackElo "1894"]
[PlyCount "75"]
[EventDate "2019.05.04"]
[EventType "schev"]
[EventRounds "10"]
[EventCountry "HUN"]
[SourceTitle "CBM 190 Extra"]
[Source "ChessBase"]
[SourceDate "2019.07.15"]
[SourceVersion "1"]
[SourceVersionDate "2019.07.15"]
[SourceQuality "1"]
[WhiteTeam "B Team Lower Elo"]
[BlackTeam "A Team Higher Elo"]
[WhiteTeamCountry "HUN"]
[BlackTeamCountry "HUN"]

1. e4 e6 2. d4 d5 3. Nd2 Nf6 4. e5 Nfd7 5. Bd3 c5 6. c3 Nc6 7. Ne2 Qb6 8. Nf3 Be7 9. 0-0 h6 10. a3 a5 11. Bc2 Qc7 12. Be3 b5 13. Ne1 Nb6 14. b3 cxd4 15. cxd4 Ba6 16. f4 a4 17. b4 Nc4 18. Bc1 Qb6 19. Nf3 g6 20. Kh1 Bd8 21. Qd3 Qa7 22. Bd2 Bb6 23. Bc3 Rc8 24. Nd2 Ne7 25. Nxc4 dxc4 26. Qh3 Bb7 27. Rad1 Rd8 28. Rd2 Bc6 29. Rfd1 Qb7 30. Bb2 0-0 31. Nc3 h5 32. Qe3 Nd5 33. Nxd5 Bxd5 34. Re1 Rd7 35. Be4 Rfd8 36. Bxd5 Rxd5 37. Bc3 Qd7 38. Red1 1/2-1/2

[Event "IND-ch (Women) 45th"]
[Site "Jaipur"]
[Date "2018.11.19"]
[Round "2"]
[White "Jain, Nityata"]
[Black "Swati, Ghate"]
[Result "0-1"]
[WhiteElo "1891"]
[BlackElo "2256"]
[PlyCount "66"]
[EventDate "2018.11.18"]
[EventType "swiss"]
[EventRounds "11"]
[EventCountry "IND"]
[SourceTitle "CBM 187 Extra"]
[Source "ChessBase"]
[SourceDate "2018.11.04"]
[SourceVersion "1"]
[SourceVersionDate "2018.11.04"]
[SourceQuality "1"]

1. e4 e5 2. d4 Nf6 3. Nc3 d6 4. dxe5 dxe5 5. Qxd8+ Kxd8 6. Bg5 Be6 7. 0-0-0+ Nbd7 8. g3 Kc8 9. f4 Nc5 10. fxe5 Nfd7 11. Bf4 g6 12. Nf3 Bg7 13. Be2 a5 14. Rhf1 h6 15. h4 c6 16. Nd4 Nxe5 17. Nxe6 fxe6 18. Bxe5 Bxe5 19. Bg4 Kc7 20. Rf7+ Kb6 21. Ne2 Raf8 22. Rdf1 Rxf7 23. Rxf7 Nxe4 24. Re7 Nc5 25. c3 h5 26. Bh3 a4 27. Nd4 Bxg3 28. Bxe6 Bxh4 29. Rg7 g5 30. Bf7 g4 31. b4 Ne4 32. Kc2 Bf6 33. Rg6 Rf8 0-1

[Event "IND-ch U15 Girls"]
[Site "Kolkata"]
[Date "2018.07.17"]
[Round "1"]
[White "Shah, Jiya1111"]
[Black "Jain, Nityata"]
[Result "0-1"]
[WhiteElo "1285"]
[BlackElo "1945"]
[PlyCount "88"]
[EventDate "2018.07.17"]
[EventType "swiss"]
[EventRounds "11"]
[EventCountry "IND"]
[SourceTitle "CBM 186 Extra"]
[Source "ChessBase"]
[SourceDate "2018.08.24"]
[SourceVersion "1"]
[SourceVersionDate "2018.08.24"]
[SourceQuality "1"]

1. e4 e5 2. Nf3 Nf6 3. Nxe5 d6 4. Nf3 Nxe4 5. Nc3 Nxc3 6. dxc3 Be7 7. h3 Nc6 8. Be3 Be6 9. Qd2 Qd7 10. Nd4 0-0 11. 0-0-0 a6 12. Kb1 b5 13. g4 Rab8 14. f4 b4 15. f5 Bd5 16. Rg1 bxc3 17. Qxc3 Bf6 18. a3 Rb6 19. Bg2 Bxg2 20. Rxg2 Rfb8 21. b3 a5 22. Ka2 a4 23. b4 Na7 24. Qc4 c5 25. bxc5 Rb2+ 26. Ka1 Qb7 27. Rgg1 Nb5 28. Rc1 Nxa3 29. c6 Nxc4 30. cxb7 Nxe3 31. Kxb2 Bxd4+ 32. Ka2 Rxb7 33. c3 Bc5 34. Rge1 h6 35. Re2 a3 36. Rce1 Nc4 37. Ka1 Rb3 38. Rc1 Rb2 39. Rcc2 Kh7 40. Rxb2 axb2+ 41. Ka2 Be3 42. Re1 Bc1 43. Kb1 Na3+ 44. Ka2 b1Q# 0-1

[Event "Commonwealth-ch U14 Girls"]
[Site "New Delhi"]
[Date "2018.07.03"]
[Round "7"]
[White "Bristy, Mukherjee"]
[Black "Jain, Nityata"]
[Result "1/2-1/2"]
[WhiteElo "1817"]
[BlackElo "2015"]
[PlyCount "60"]
[EventDate "2018.06.26"]
[EventType "swiss"]
[EventRounds "7"]
[EventCountry "IND"]
[SourceTitle "EXT 2019"]
[Source "ChessBase"]
[SourceDate "2018.10.10"]
[SourceVersion "1"]
[SourceVersionDate "2018.10.10"]
[SourceQuality "1"]

1. d4 Nf6 2. Nc3 d5 3. Bg5 h6 4. Bxf6 exf6 5. e3 c6 6. Bd3 Bd6 7. Qf3 Be6 8. Nge2 g6 9. Nf4 f5 10. Nxe6 fxe6 11. g4 Nd7 12. gxf5 gxf5 13. Qh5+ Ke7 14. Rg1 Qf8 15. 0-0-0 Qf7 16. Qh4+ Nf6 17. f3 Rhg8 18. e4 Qh5 19. Qxh5 Nxh5 20. e5 Bc7 21. Ne2 Kf7 22. Kd2 Raf8 23. Ke3 Bd8 24. f4 Rxg1 25. Rxg1 Rg8 26. Rxg8 Kxg8 27. c4 Ng7 28. Nc3 Ne8 29. b3 Kf8 30. Ne2 Be7 1/2-1/2